Classical Elements in the Bible Quiz Stats

 Plays Quiz Updated Dec 7, 2014

Also try: Bible or Quran?
Challenge
Share
Tweet
Embed
Score 0/22 Timer 06:00
1 Play Today
Excerpt Classical Element % Correct
But whoever drinks of the _____ that I will give him will never be thirsty again.''???
79.7%
For I will pour _____ on the thirsty land, and streams on the dry ground; I will pour my Spirit upon your offspring, and my blessing on your descendants.???
79.5%
In the beginning, God created the heavens and the _____.???
79.4%
Heaven and _____ will pass away, but my words will not pass away.???
78.7%
Now the whole _____ had one language and the same words. ???
77.5%
I will sprinkle clean _____ on you, and you shall be clean from all your uncleannesses, and from all your idols I will cleanse you.???
76.7%
Then Death and Hades were thrown into the lake of _____.???
76.4%
He set the _____ on its foundations, so that it should never be moved.???
76.2%
For our God is a consuming _____.???
75.8%
He is like a tree planted by streams of _____ that yields its fruit in its season, and its leaf does not wither. In all that he does, he prospers.???
75.8%
He makes his messengers winds, his ministers a flaming _____.???
74.9%
Excerpt Classical Element % Correct
So I will send a _____ upon the wall of Tyre, and it shall devour her strongholds???
74.8%
Then the angel showed me the river of the _____ of life, bright as crystal, flowing from the throne of God and of the Lamb,???
74.7%
A generation goes, and a generation comes, but the _____ remains forever.???
73.1%
There was hail and _____ flashing continually in the midst of the hail, very heavy hail, such as had never been in all the land of Egypt since it became a nation.???
69.3%
Whoever believes in me, as the Scripture has said, ‘Out of his heart will flow rivers of living _____.'''???
68.6%
And as they were shouting and throwing off their cloaks and flinging dust into the _____,???
67.8%
One is so near to another that no _____ can come between them.???
64.7%
For the cloud of the Lord was on the tabernacle by day, and _____ was in it by night, in the sight of all the house of Israel throughout all their journeys.???
61.2%
... and let them have dominion over the fish of the sea, and over the fowl of the _____, and over the cattle...???
56.6%
Then I saw a great white throne and him who was seated on it. From his presence _____ and sky fled away, and no place was found for them.???
50.1%
A stream of _____ issued and came out from before him...???
22.4%

You're not logged in!

Compare scores with friends on all Sporcle quizzes.
OR
Log In

You Might Also Like...

Show Comments

Extras

Top Quizzes Today


Score Distribution

Your Account Isn't Verified!

In order to create a playlist on Sporcle, you need to verify the email address you used during registration. Go to your Sporcle Settings to finish the process.

Report this User

Report this user for behavior that violates our Community Guidelines.

Details: